000 00679nam a22002297a 4500
003 UA-OsUOA
001 49686
007 ta
008 20071011b un ||||| |||| 00| 0 ukr d
100 _aКузякіна Н.
090 _a82.09
_bК89
942 _cBK
040 _aUA-OsUOA
_bukr
_cUA-OsUOA
_dUA-OsUOA
245 _aНариси української радянської драматургії
300 _a220 с.
955 _a3
041 _aukr
080 _a82.09
260 _aК.
_bРад.письменник
_c1963
650 7 _a8 Мовознавство. Художня література. Літературознавство
_2UDC
999 _c335735
_d335735